000 00513nam a2200169 4500
001 123570
003 ES-MaACL
007 t|
008 070214s1975 sp r ||||1| spa d
100 1 _aDe Quincey, Thomas.
_943071
245 1 4 _aLas confesiones y otros textos /
_cThomas De Quincey ; presentación y traducción de Luis Loayza.
250 _a1ª. ed.
260 _aBarcelona :
_bSeix Barral,
_c1975.
300 _a545 p. ;
_c20 cm.
700 1 _aLoayza, Luis.
_972992
852 _aES-MaACL
_jE-8741
_bR.93164
999 _c123570
_d123570